Electricity 2 : (Record no. 184004)
[ view plain ]
| 000 -LEADER | |
|---|---|
| fixed length control field | 01579 a2200241 4500 |
| 003 - CONTROL NUMBER IDENTIFIER | |
| control field | NUST |
| 005 - DATE AND TIME OF LATEST TRANSACTION | |
| control field | 20221201143643.0 |
| 010 ## - LIBRARY OF CONGRESS CONTROL NUMBER | |
| LC control number | 2008925008 |
| 020 ## - INTERNATIONAL STANDARD BOOK NUMBER | |
| International Standard Book Number | 0827325320 |
| 020 ## - INTERNATIONAL STANDARD BOOK NUMBER | |
| International Standard Book Number | 1435400690 |
| 040 ## - CATALOGING SOURCE | |
| Transcribing agency | Nust |
| 082 00 - DEWEY DECIMAL CLASSIFICATION NUMBER | |
| Classification number | 537,KUB |
| 100 1# - MAIN ENTRY--PERSONAL NAME | |
| Personal name | Kubala, Thomas S. |
| 245 10 - TITLE STATEMENT | |
| Title | Electricity 2 : |
| Remainder of title | devices, circuits, and materials / |
| Statement of responsibility, etc. | Thomas Kubala. |
| 246 3# - VARYING FORM OF TITLE | |
| Title proper/short title | Electricity two |
| 250 ## - EDITION STATEMENT | |
| Edition statement | 4th ed. |
| 260 ## - PUBLICATION, DISTRIBUTION, ETC. | |
| Place of publication, distribution, etc. | Australia ; |
| -- | United States : |
| Name of publisher, distributor, etc. | Delmar Cengage Learning, |
| Date of publication, distribution, etc. | 1988 |
| 300 ## - PHYSICAL DESCRIPTION | |
| Extent | ix, 126. : |
| Other physical details | ill. ; |
| Dimensions | 24 cm. |
| 505 ## - FORMATTED CONTENTS NOTE | |
| Formatted contents note | Alternating-Current Principles (Page-1), Inductance and Inductive Reactance (Page-9), Capacitance and Capacitive Reactance (Page-15), Series Circuit: Resistance and Inductance (Page-23), Series Circuit: Resistance and Capacitance (Page-29), Series Circuit: Resistance, Inductance, and Capacitance (Page-35), AC Parallel Circuits Containing Inductance (Page-43), AC Parallel Circuits Containing Inductance and Capacitance (Page-49), AC Power, Power Factor, and Power Factor Correction (Page-57), Summary Review of Units 1-9 (Page-69), Single Phase , Three Wire Service Entrance (Page-75), Installation of a Single-Phase, Three-Wire Service Entrance for an Apartment Building (Page-85), Installation of a Three-Phase, Three-Wire Service Entrance (Page-193), Introduction to Fluorescent Lighting (Page-101), Installation of Fluorescent Lighting (Page-1 07), Summary Review of Units 11-15 (Page-117). |
| 650 #0 - SUBJECT ADDED ENTRY--TOPICAL TERM | |
| Topical term or geographic name entry element | Electric circuits |
| General subdivision | Alternating current. |
| 9 (RLIN) | 101583 |
| 650 #0 - SUBJECT ADDED ENTRY--TOPICAL TERM | |
| Topical term or geographic name entry element | Electrical engineering. |
| 942 ## - ADDED ENTRY ELEMENTS (KOHA) | |
| Source of classification or shelving scheme | |
| Koha item type | Book |
| Call number prefix | 537,KUB |
| Withdrawn status | Lost status | Source of classification or shelving scheme | Damaged status | Not for loan | Permanent Location | Current Location | Shelving location | Date acquired | Full call number | Barcode | Date last seen | Price effective from | Koha item type | Public note |
|---|---|---|---|---|---|---|---|---|---|---|---|---|---|---|
| Military College of Signals (MCS) | Military College of Signals (MCS) | General Stacks | 12/12/2016 | 537,KUB | MCS5468 | 12/08/2016 | 12/12/2016 | Book | Almirah No.16, Shelf No.4 |
